MDQL
is popping MORE tags! Check the
thread
!
Quizzes
Events
Quiz Creation
Community
Videos
Private Events
Remove Ads
Sign In
Join for FREE
Feedback
Dark Mode
Quiz Categories
Sports
Geography
Music
Movies
Television
Just For Fun
Miscellaneous
History
Literature
Language
Science
Gaming
Entertainment
Religion
Holiday
For Kids
Quiz Lab
Recent
Popular Today
Quiz Kudos Today
Editor Picks
Curator Picks
Quizzes by...
Day
Popularity
Type
Ratings
Length
Year
Community
Subscriptions
Recent Discussions
Orange Saloon
Badges
Playlists
Quests
Create
Leaderboards
Showdown
Live 5
Trivia Bingo
Activity
Puzzle Library
Sporcle Events
Private Events
Virtual Trivia
Globe League
Become a Host
Pub Owners
SporcleCon
Opinionation
Our Games
Videos
Blog
Mobile Apps
Partnerships
Remove Ads and Go Orange
Feedback
Sports
Athletes
MLB
NBA
NHL
NFL
Soccer
Sports Teams
WWE
NCAA
Football
Premier League
Basketball
Baseball
Hockey
Golf
Tennis
Cricket
Rugby
Auto Racing
Olympics
World Cup
Sports
Athletes
MLB
NBA
NHL
NFL
Soccer
Sports Teams
WWE
NCAA
Football
Premier League
Basketball
Baseball
Hockey
Golf
Tennis
Cricket
Rugby
Auto Racing
Olympics
World Cup
Random Quiz
Search Sporcle
×
Quiz Lab
Quiz Lab
Sports
Board Games
Type in answers that appear in a list
Type in answers that appear in a list
Classic
Best Score? Go Orange.
Most Games Played - Brewers (2000s) Stats
Can you name the players with the most games played at each position for the Milwaukee Brewers (2000-2009)?
By
ironsij0287
6m
40 Questions
311 Plays
311 Plays
311 Plays
Comments
Comments
Give Quiz Kudos
Give Quiz Kudos
-
- Ratings
hide this ad
Replay
Link that replays current quiz
Next Quiz
Link to next quiz in quiz playlist
You Got
0%
They Got
Avg Score
58%
Avg Friend Score
Upgrade to see
Score Distribution
Jump to the score distribution portion of the page
Score
0/40
Timer
06:00
1
Play Today
Position
Player
% Correct
First Base
Prince Fielder
99.7%
Second Base
Rickie Weeks
96.5%
Left Field
Ryan Braun
94.9%
Shortstop
J.J. Hardy
92.3%
Left Field
Geoff Jenkins
91.6%
Right Field
Geoff Jenkins
91.6%
Right Field
Corey Hart
90%
First Base
Richie Sexson
86.5%
Catcher
Jason Kendall
84.9%
Third Base
Bill Hall
82.6%
Shortstop
Bill Hall
82.6%
Center Field
Bill Hall
82.6%
Center Field
Mike Cameron
77.2%
Catcher
Damian Miller
75.2%
Third Base
Craig Counsell
74%
Shortstop
Craig Counsell
74%
Right Field
Jeromy Burnitz
73%
First Base
Lyle Overbay
71.4%
Left Field
Carlos Lee
66.2%
Center Field
Scott Podsednik
61.7%
Position
Player
% Correct
Shortstop
Jose Hernandez
60.5%
Center Field
Brady Clark
59.5%
Right Field
Brady Clark
59.5%
Catcher
Chad Moeller
50.5%
Second Base
Junior Spivey
48.6%
Third Base
Wes Helms
45.7%
Catcher
Henry Blanco
45.3%
Second Base
Ronnie Belliard
40.5%
Second Base
Eric Young
36.7%
Shortstop
Royce Clayton
33.1%
Center Field
Marquis Grissom
31.8%
Right Field
John Vander Wal
27.3%
Second Base
Keith Ginter
26.7%
First Base
Tyler Houston
25.7%
Third Base
Tyler Houston
25.7%
Third Base
Russell Branyan
24.8%
Catcher
Raul Casanova
24.4%
Left Field
Kevin Mench
15.1%
First Base
Charlie Hayes
9.3%
Left Field
James Mouton
6.1%
Quiz Playlist
Details
Report
Send in Message
Add To Playlist
Classic:
Type in answers that appear in a list
Quiz Source
Last Updated: Feb 16, 2017
Quiz Scoreboard
CHALLENGE
Sign Up to Join the Scoreboard
Show All
Scores
Hide
Comments
May contain spoilers
Recently Published
Street Fighter Characters
by Artimus82
Gaming
60s
9x9 Crossword: Cartoon Network
by jackfrog10
Miscellaneous
3m
College Basketball Coaching Resumes
by pancakes188
Sports
9m
More to Explore
Quiz From the Vault
Featured Blog Post
Where Did the Easter Bunny Come From?
hide this ad
You Might Also Like...
Tags
Board Games Quiz
Football Quiz
2000
2000s
Brewer
Milwaukee
Milwaukee Brewers
Player
Today's Top Quizzes in Sports
Browse Sports
hide this ad
Today's Top Quizzes in Board Games
Browse Board Games
Top Contributed Quizzes in Sports
1
2022 World Cup Stars
2
Les meilleurs buteurs des matchs entre le PSG et l’OM
3
FIFA Club World Cup Champions
4
Les entraîneurs de l'OM et du PSG au 21e siècle
5
Criteria MLB: Left Handed Sluggers
6
2023 MLB Unique Player Accomplishments
7
AFC Teams Reveal (Wrong Answers Minefield)
8
5-to-1: FBS Animal Nicknames
9
Players with Multiple 50 Home Run Seasons
10
5-to-1: UK Sports Teams
Explore More
Trending Topics
NBA
Kpop
Anime
Marvel
Crossword
Harry Potter
Disney
Puzzle
The Office
Country
WWE
Song
Pokémon
Soccer
NFL
hide this ad
More By:
ironsij0287
Quiz
Plays
Rating
Category
Featured
Created
Alphabetical US States
366,633
4.51
Geography
Sep 9, 2009
NBA Western Scoring Leaders (2000s)
315,062
4.60
Sports
Oct 3, 2010
MLB Home Run Leaders (1990s)
260,144
4.51
Sports
Aug 26, 2009
Beers of the World
255,902
4.10
Miscellaneous
Aug 4, 2009
NBA Eastern Scoring Leaders (2000s)
203,047
4.52
Sports
Oct 3, 2010
Go to Creator's Profile
Score Distribution
Quiz Creator Spotlight
ironsij0287
Follow
Send a Message
Quizzes Created
-
Created Quiz Play Count
-
More By This Creator
Popular Quizzes Today
1
Find the US States - No Outlines Minefield
2
Find the Countries of Europe - No Outlines Minefield
3
The Countries of the World
4
Find the US States
5
Risky Map Clicking: Biggest States A-Z
6
US States
7
Popular People in 1961
8
Movies - When Are They Set?
More Sports Quizzes
Mariano Rivera's Saves
Published
Trending Quizzes
Risky Map Clicking: Least Populous States A-Z
Countries of the World: 200 Million BC
1-10 Letter G Words
Risky Map Clicking: Next State Alphabetically
Adjectives in 80s TV Shows
Recently Updated
Leaping Animals
pecheneg
Reality TV Shows (A-Z)
bhenderson79
Rickey Henderson's Hall of Fame Teammates
pecheneg
Champions League XIs: Arsenal
pecheneg
Quick Pick: Celebrities in WWE's Hall of Fame
aduchscher
A-Z Keypad Blitz II
pecheneg
Multiple Oscar Actors
pecheneg
Mystery Phrase Blitz: Oscar 'Best Actors'
pecheneg
F. Scott Fitzgerald Novels
LTH
Pick 3 Villains
ddd62291
Trending Topics
Disney
Crossword
Marvel
Harry Potter
Anime
Kpop
NBA
The Office
Song
Puzzle
Soccer
NFL
WWE
Pokémon
Country
Your Account Isn't Verified!
In order to create a playlist on Sporcle, you need to verify the email address you used during registration. Go to your
Sporcle Settings
to finish the process.
Report this User
Report this user for behavior that violates our
Community Guidelines
.
Details:
Send Report
Go to the Sporcle.com Mobile Site →
Comments